[Event "Landesklasse West 2011/2012"]
[Site "?"]
[Date "2011.04.29"]
[Round "9"]
[White "Hentrich, Jörg"]
[Black "Büchel, Bernd"]
[Result "1-0"]
[WhiteElo "1816"]
[BlackElo "1801"]
[PlyCount "67"]
[EventDate "2011.??.??"]
[WhiteTeam "SV Ammern"]
[BlackTeam "TSG Ruhla"]

1. e4 d5 2. exd5 Nf6 3. d4 Nxd5 4. Nf3 Bg4 5. Bc4 e6 6. O-O Be7 7. Nc3 c6 8.
Nxd5 cxd5 9. Bb5+ Nc6 10. c4 O-O 11. Be3 a6 12. Bxc6 bxc6 13. h3 Bxf3 14. Qxf3
dxc4 15. Qxc6 Qd5 16. Qa4 Qb5 17. Qc2 Rfc8 18. Rfc1 Rab8 19. Rab1 Bf6 20. Qc3
Be7 21. Bf4 Rb6 22. b3 Qf5 23. Qe3 g5 24. Be5 f6 25. g4 Qg6 26. d5 Bc5 27. Bd4
Rb5 28. Qxe6+ Kg7 29. Qxc8 Bxd4 30. Qxc4 Qe4 31. Re1 Qxd5 32. Re7+ Kf8 33. Qxd5
Rxd5 34. Rxh7 1-0

[Event "Landesklasse West 2011/2012"]
[Site "?"]
[Date "2011.04.29"]
[Round "9"]
[White "Hagen, Matthias"]
[Black "Thon, Philipp"]
[Result "0-1"]
[WhiteElo "1638"]
[BlackElo "1585"]
[PlyCount "64"]
[EventDate "2011.??.??"]
[WhiteTeam "TSG Ruhla"]
[BlackTeam "SV Ammern"]

1. d4 d5 2. Nf3 Nf6 3. Bf4 e6 4. e3 c5 5. c3 a6 6. Nbd2 Nc6 7. Bd3 cxd4 8. exd4
Bd6 9. Bxd6 Qxd6 10. O-O O-O 11. Re1 b5 12. Ne5 Na5 13. Ndf3 Bb7 14. Qc2 h6 15.
Nh4 Nc4 16. f4 Ne4 17. g3 Rac8 18. Rac1 Qd8 19. f5 Nxe5 20. dxe5 Qg5 21. Rf1
Qe3+ 22. Kg2 Ng5 23. Be2 d4+ 24. Bf3 Nxf3 25. Nxf3 dxc3 26. bxc3 Qxe5 27. Kg1
Qxf5 28. Qe2 Qc5+ 29. Kg2 e5 30. Kh3 e4 31. Nd4 Rce8 32. Rf5 Bc8 0-1

[Event "Landesklasse West 2011/2012"]
[Site "?"]
[Date "2011.04.29"]
[Round "9"]
[White "Hensel, Thomas"]
[Black "Voß, Ewald"]
[Result "1/2-1/2"]
[WhiteElo "1586"]
[BlackElo "1648"]
[PlyCount "37"]
[EventDate "2011.??.??"]
[WhiteTeam "SV Ammern"]
[BlackTeam "TSG Ruhla"]

1. c4 c5 2. Nc3 Nf6 3. g3 e6 4. Bg2 Be7 5. Nf3 O-O 6. O-O d5 7. cxd5 exd5 8. d4
Nc6 9. Bf4 Nh5 10. Be3 cxd4 11. Nxd4 Be6 12. Nxe6 fxe6 13. Bd2 Nf6 14. Kh1 a6
15. f4 Bc5 16. e3 Re8 17. Rc1 Ba7 18. Qf3 Kh8 19. Rfd1 1/2-1/2

[Event "Landesklasse West 2011/2012"]
[Site "?"]
[Date "2011.04.29"]
[Round "9"]
[White "Geißhirt, Marco"]
[Black "Bötticher, Heinz-Wilfried"]
[Result "1-0"]
[WhiteElo "1846"]
[BlackElo "1810"]
[PlyCount "81"]
[EventDate "2011.??.??"]
[WhiteTeam "SG Barchfeld/Breitungen"]
[BlackTeam "SV Breitenworbis"]

1. e4 e5 2. Nf3 Nc6 3. Nc3 Nf6 4. Nxe5 Nxe5 5. d4 Ng6 6. e5 Ng8 7. Bc4 Bb4 8.
Qf3 Qe7 9. O-O Bxc3 10. bxc3 Nh6 11. Bxh6 gxh6 12. Qe3 Rg8 13. g3 Qg5 14. f4
Qh5 15. f5 Ne7 16. e6 d5 17. f6 Bxe6 18. Be2 Qg5 19. Qxg5 hxg5 20. fxe7 Kxe7
21. Rae1 Rae8 22. c4 c6 23. cxd5 cxd5 24. Bb5 Rd8 25. Rb1 b6 26. a4 Rc8 27. Bd3
h5 28. Rfe1 Kd6 29. Rb5 Bd7 30. Rb4 Rge8 31. Rf1 Be6 32. a5 Rb8 33. Rfb1 Kc7
34. Bb5 Re7 35. Ra4 Bd7 36. axb6+ axb6 37. c4 dxc4 38. Rxc4+ Kb7 39. Rcb4 Bxb5
40. Rxb5 f6 41. Rxb6+ 1-0

[Event "Landesklasse West 2011/2012"]
[Site "?"]
[Date "2011.04.29"]
[Round "9"]
[White "Gast, Rainer"]
[Black "Rommel, Uwe"]
[Result "1-0"]
[WhiteElo "1943"]
[BlackElo "1861"]
[PlyCount "57"]
[EventDate "2011.??.??"]
[WhiteTeam "SV Breitenworbis"]
[BlackTeam "SG Barchfeld/Breitungen"]

1. d4 Nf6 2. c4 e6 3. Nc3 Bb4 4. e3 c5 5. Qc2 Nc6 6. Nf3 b6 7. Be2 Bb7 8. dxc5
Bxc5 9. a3 O-O 10. b4 Be7 11. O-O Rc8 12. Rd1 Qc7 13. Bb2 Rfd8 14. Rac1 Qb8 15.
Qb1 a6 16. Na4 Qc7 17. c5 bxc5 18. Nxc5 Ra8 19. Nd4 Bxc5 20. Rxc5 Nd5 21. Bf3
Nb6 22. Qc2 Rac8 23. Nxc6 Bxc6 24. Bxc6 dxc6 25. Rc1 Qd7 26. g3 f6 27. Ra5 Qb7
28. Bd4 Nd5 29. Qc4 1-0

[Event "Landesklasse West 2011/2012"]
[Site "?"]
[Date "2011.04.29"]
[Round "9"]
[White "Reum, Lutz"]
[Black "Leibeling, Lucian"]
[Result "1/2-1/2"]
[WhiteElo "1859"]
[BlackElo "1832"]
[PlyCount "140"]
[EventDate "2011.??.??"]
[WhiteTeam "SG Barchfeld/Breitungen"]
[BlackTeam "SV Breitenworbis"]

1. d4 d5 2. Nf3 Nf6 3. e3 e6 4. Bd3 Be7 5. Nbd2 O-O 6. O-O Nbd7 7. Qe2 c5 8. c3
b6 9. e4 dxe4 10. Nxe4 Bb7 11. Bg5 Nxe4 12. Bxe7 Qxe7 13. Bxe4 Bxe4 14. Qxe4
Nf6 15. Qh4 Rac8 16. Rad1 Rfd8 17. h3 b5 18. dxc5 Qxc5 19. Nd4 Rd5 20. Nb3 Qd6
21. Rxd5 Nxd5 22. Rd1 h6 23. Qg4 a6 24. a3 Qe5 25. Qd4 Qe2 26. Qd2 Qe4 27. Re1
Qh4 28. Nd4 Qd8 29. Nf3 Qc7 30. Re4 Nb6 31. Qe2 Rd8 32. Rd4 Rxd4 33. Nxd4 Qd6
34. Nf3 Qc5 35. Qe5 Qxe5 36. Nxe5 f6 37. Nd3 Kf7 38. Nc5 a5 39. Nb7 Nc4 40. b3
Nxa3 41. Nxa5 Ke7 42. Kf1 Nb1 43. c4 bxc4 44. Nxc4 Nc3 45. Ke1 Nd5 46. g3 g5
47. Kd2 e5 48. Ne3 Nb6 49. Nf5+ Kf7 50. Nxh6+ Kg6 51. Ng4 Nd7 52. Kc3 f5 53.
Ne3 f4 54. Nd5 Kf5 55. gxf4 gxf4 56. f3 e4 57. fxe4+ Kxe4 58. Nb4 f3 59. Nd3
Ke3 60. b4 Ke2 61. Nf4+ Ke3 62. Nh5 f2 63. Ng3 Nf6 64. Kc2 Ne4 65. Nf1+ Ke2 66.
Nh2 Ng5 67. b5 Nf3 68. b6 Nxh2 69. b7 f1=Q 70. b8=Q Qf5+ 1/2-1/2

[Event "Landesklasse West 2011/2012"]
[Site "?"]
[Date "2011.04.29"]
[Round "9"]
[White "Biel, Peter"]
[Black "Crivellaro, Heiko"]
[Result "0-1"]
[WhiteElo "1694"]
[BlackElo "1796"]
[PlyCount "146"]
[EventDate "2011.??.??"]
[WhiteTeam "SV Breitenworbis"]
[BlackTeam "SG Barchfeld/Breitungen"]

1. e4 e5 2. Nf3 Nf6 3. Nc3 Nc6 4. d4 exd4 5. Nxd4 h6 6. Nxc6 bxc6 7. Bd3 Bb4 8.
Bd2 O-O 9. O-O Re8 10. Qf3 d5 11. exd5 cxd5 12. Bb5 Bg4 13. Qg3 d4 14. Bxe8
dxc3 15. Bxf7+ Kxf7 16. Bxc3 Bxc3 17. Qxc3 Rb8 18. Rfe1 Rb6 19. f3 Be6 20. Re5
Qd7 21. b3 Rd6 22. Qe1 Qc6 23. c4 Nd7 24. Re3 Nf8 25. Rc1 Kg8 26. Rc2 Bd7 27.
h3 Rg6 28. Kh1 Rf6 29. Rf2 Ng6 30. Re4 Bf5 31. Re8+ Kh7 32. Re3 Nf4 33. Qd1 Qc5
34. Qd2 Rd6 35. Qc3 Rd1+ 36. Kh2 Rd4 37. a3 Bg6 38. g3 Nh5 39. Rfe2 Qd6 40. f4
Rd3 41. Rxd3 Bxd3 42. Re5 Bg6 43. c5 Qf6 44. Qe3 a5 45. f5 Bxf5 46. g4 Bxg4 47.
hxg4 Qh4+ 48. Qh3 Qf2+ 49. Qg2 Qf4+ 50. Kg1 Qxe5 51. Qc2+ g6 52. gxh5 Qg5+ 53.
Kf1 Qxh5 54. Qc4 Qf3+ 55. Kg1 h5 56. Qe6 Kh6 57. c6 h4 58. Qe5 h3 59. Qh8+ Kg5
60. Qe5+ Kg4 61. Qd4+ Kh5 62. Qe5+ Kh4 63. Qd4+ Kh5 64. Qe5+ g5 65. Qh8+ Kg4
66. Qd4+ Kg3 67. Qe5+ Qf4 68. Qe1+ Kg4 69. Qe2+ Kh4 70. Qf2+ Kg4 71. Qxf4+ Kxf4
72. b4 axb4 73. axb4 Ke5 0-1

[Event "Landesklasse West 2011/2012"]
[Site "?"]
[Date "2011.04.29"]
[Round "9"]
[White "Heß, Wolfgang"]
[Black "Bötticher, Andreas"]
[Result "1/2-1/2"]
[WhiteElo "1738"]
[BlackElo "1530"]
[PlyCount "31"]
[EventDate "2011.??.??"]
[WhiteTeam "SG Barchfeld/Breitungen"]
[BlackTeam "SV Breitenworbis"]

1. e4 c5 2. Nf3 Nc6 3. d4 cxd4 4. Nxd4 Nf6 5. Nc3 e5 6. Nxc6 bxc6 7. Bd3 Bb4 8.
Bd2 O-O 9. O-O d5 10. exd5 cxd5 11. f3 Re8 12. a3 Qb6+ 13. Kh1 Bxc3 14. bxc3 e4
15. Be2 Qc5 16. Be1 1/2-1/2

[Event "Landesklasse West 2011/2012"]
[Site "?"]
[Date "2011.04.29"]
[Round "9"]
[White "Hermann, Ingo"]
[Black "Abe, Rico"]
[Result "1/2-1/2"]
[WhiteElo "1852"]
[BlackElo "1723"]
[PlyCount "150"]
[EventDate "2011.??.??"]
[WhiteTeam "SV Breitenworbis"]
[BlackTeam "SG Barchfeld/Breitungen"]

1. e4 d6 2. d4 Nf6 3. Nc3 g6 4. f3 Bg7 5. Be3 O-O 6. Qd2 e5 7. d5 Qe7 8. O-O-O
Rd8 9. g4 a6 10. h4 h5 11. g5 Nfd7 12. Bh3 Nb6 13. Qd3 Bd7 14. Nge2 Na4 15.
Nxa4 Bxa4 16. Nc3 Bd7 17. Rdf1 Bxh3 18. Rxh3 Nd7 19. Rh2 Re8 20. Rhf2 Rac8 21.
Kb1 Rf8 22. Qd2 Rce8 23. Ne2 Rc8 24. Nc1 b6 25. Nd3 a5 26. Nc1 Ra8 27. Qc3 Rac8
28. Qc6 Nb8 29. Qb7 Qd7 30. Ne2 Qb5 31. Nc3 Qa6 32. Qxa6 Nxa6 33. Nb5 f5 34. b3
f4 35. Bc1 Rf7 36. Ba3 Rd7 37. Rd2 Kf7 38. Rd3 Bf8 39. Na7 Ra8 40. Nc6 Nb8 41.
Rc3 Nxc6 42. Rxc6 Ke8 43. Bc1 Kd8 44. a4 Kc8 45. Kb2 Kb7 46. Bd2 Be7 47. Ra1
Rdd8 48. c3 Ra6 49. Kc2 Rh8 50. Kd3 Raa8 51. b4 Ra6 52. bxa5 Rxa5 53. c4 Rc5
54. Rxc5 dxc5 55. Kc2 Ra8 56. Kb3 Bd6 57. Bc3 Ra6 58. Ka3 Ra8 59. Rb1 Ka6 60.
Rb5 Rc8 61. a5 Rb8 62. Ka4 Rb7 63. axb6 Rxb6 64. Ba5 Rxb5 65. cxb5+ Kb7 66. Kb3
Ka7 67. Kc4 Kb7 68. Bc3 Kb6 69. Be1 Kb7 70. Kb3 Kb6 71. Ka4 Be7 72. Bc3 Bd6 73.
Bb2 Ka7 74. Kb3 Kb6 75. Kc4 Kb7 1/2-1/2

[Event "Landesklasse West 2011/2012"]
[Site "?"]
[Date "2011.04.29"]
[Round "9"]
[White "Kleinsteuber, Erik"]
[Black "Petiko, Nikolai"]
[Result "0-1"]
[WhiteElo "1671"]
[BlackElo "1921"]
[PlyCount "62"]
[EventDate "2011.??.??"]
[WhiteTeam "SG Barchfeld/Breitungen"]
[BlackTeam "SV Breitenworbis"]

1. Nf3 d6 2. d4 Bg4 3. e4 e6 4. c3 Nf6 5. Bd3 Be7 6. Bf4 O-O 7. Nbd2 Nbd7 8.
Qc2 Nh5 9. Bg3 Nxg3 10. hxg3 e5 11. d5 c6 12. Nh4 Nc5 13. f3 Bd7 14. Nb3 Nxb3
15. Qxb3 Qb6 16. Qxb6 axb6 17. f4 Rfe8 18. fxe5 dxe5 19. Nf3 Bf6 20. c4 b5 21.
b3 bxc4 22. Bxc4 b5 23. dxc6 Bxc6 24. Bd3 Be7 25. Ke2 Ba3 26. Rab1 g6 27. Nd2
Red8 28. Rhf1 Ra7 29. Rf3 Bd7 30. Rf6 Be7 31. Rb6 Rxa2 0-1

[Event "Landesklasse West 2011/2012"]
[Site "?"]
[Date "2011.04.29"]
[Round "9"]
[White "Hermann, Frank"]
[Black "Theer, Tino"]
[Result "1/2-1/2"]
[WhiteElo "1534"]
[BlackElo "1670"]
[PlyCount "87"]
[EventDate "2011.??.??"]
[WhiteTeam "SV Breitenworbis"]
[BlackTeam "SG Barchfeld/Breitungen"]

1. e4 c6 2. d4 d5 3. e5 Bf5 4. Nf3 e6 5. Bd3 Bg6 6. O-O Ne7 7. Bg5 Qb6 8. b3
Nf5 9. c3 c5 10. dxc5 Bxc5 11. b4 Be7 12. Qa4+ Nc6 13. Bxe7 Nfxe7 14. Bb5 O-O
15. Nbd2 Qc7 16. Rfe1 a6 17. Bxc6 Qxc6 18. Qxc6 Nxc6 19. Rac1 Bd3 20. a4 b5 21.
Re3 Bc4 22. Nxc4 dxc4 23. a5 Rad8 24. Kf1 Rd5 25. Ke2 Rfd8 26. Re4 h6 27. h4
Kh7 28. g4 Kg8 29. Ke3 Rd3+ 30. Kf4 Kf8 31. Ne1 R3d5 32. Nf3 Ke7 33. Rc2 Rd3
34. Ne1 Rd2 35. Rxd2 Rxd2 36. Ke3 Rd5 37. f4 f6 38. exf6+ Kxf6 39. Ke2 g6 40.
Nf3 e5 41. fxe5+ Nxe5 42. Rxe5 Rxe5+ 43. Nxe5 Kxe5 44. Ke3 1/2-1/2

[Event "Landesklasse West 2011/2012"]
[Site "?"]
[Date "2011.04.29"]
[Round "9"]
[White "Kachel, Alfred"]
[Black "Klingler, Lutz"]
[Result "1/2-1/2"]
[WhiteElo "1954"]
[BlackElo "1957"]
[PlyCount "94"]
[EventDate "2011.??.??"]
[WhiteTeam "Schachclub Rochade Leinefelde"]
[BlackTeam "SV Schmalkalden 04"]

1. d4 g6 2. c4 Bg7 3. Nc3 d6 4. Nf3 Bg4 5. e3 c5 6. Be2 Nc6 7. O-O Nf6 8. h3
Bxf3 9. Bxf3 Nd7 10. d5 Nce5 11. Be2 Nb6 12. f4 Ned7 13. Qc2 O-O 14. Ne4 Nf6
15. Ng3 Nbd7 16. e4 a6 17. Bd2 Rb8 18. a4 a5 19. Bc3 Qc7 20. Rad1 Rbd8 21. Kh1
b6 22. Qd3 Rfe8 23. Qe3 Bh6 24. Qf2 Bg7 25. Bd3 e5 26. dxe6 fxe6 27. Bc2 e5 28.
f5 Nf8 29. Bd2 Re7 30. Bg5 Rf7 31. Qe3 Rdd7 32. Rd2 Qb7 33. b3 Qc6 34. Bd1 Qb7
35. Be2 Qc6 36. Rd3 Qb7 37. Rfd1 Qc7 38. h4 Qc6 39. Bf3 Qc7 40. Kg1 Qc6 41. Qd2
Ne8 42. h5 Bf6 43. Bg4 Rde7 44. fxg6 hxg6 45. Bxf6 Rxf6 46. Qg5 Rg7 47. h6 Nh7
1/2-1/2

[Event "Landesklasse West 2011/2012"]
[Site "?"]
[Date "2011.04.29"]
[Round "9"]
[White "Bamberg, Alexander"]
[Black "Pfitzenreuter, Gerald"]
[Result "1/2-1/2"]
[WhiteElo "1847"]
[BlackElo "1939"]
[PlyCount "21"]
[EventDate "2011.??.??"]
[WhiteTeam "SV Schmalkalden 04"]
[BlackTeam "Schachclub Rochade Leinefelde"]

1. e4 c5 2. Nf3 Nc6 3. d4 cxd4 4. Nxd4 g6 5. Nc3 Bg7 6. Be3 Nf6 7. Be2 O-O 8.
O-O d6 9. h3 Bd7 10. Qd2 Nxd4 11. Bxd4 1/2-1/2

[Event "Landesklasse West 2011/2012"]
[Site "?"]
[Date "2011.04.29"]
[Round "9"]
[White "Ziegenfuß, Holger"]
[Black "Lesser, Thomas"]
[Result "1/2-1/2"]
[WhiteElo "1941"]
[BlackElo "1856"]
[PlyCount "57"]
[EventDate "2011.??.??"]
[WhiteTeam "Schachclub Rochade Leinefelde"]
[BlackTeam "SV Schmalkalden 04"]

1. c4 e5 2. g3 Nc6 3. Bg2 Nf6 4. Nc3 Be7 5. Nf3 d6 6. d3 O-O 7. O-O Rb8 8. Rb1
a6 9. Bg5 h6 10. Bxf6 Bxf6 11. Nd2 g6 12. b4 Bg7 13. b5 axb5 14. Nxb5 Bd7 15.
Nb3 Ne7 16. Qc2 Bc6 17. e4 b6 18. a4 Ra8 19. Ra1 Qd7 20. Ra2 Ra6 21. Rfa1 Rb8
22. Nc3 f5 23. Qe2 f4 24. g4 Bb7 25. Bf3 Nc6 26. Nd5 Rba8 27. Qc2 Bc8 28. Bd1
Qd8 29. f3 1/2-1/2

[Event "Landesklasse West 2011/2012"]
[Site "?"]
[Date "2011.04.29"]
[Round "9"]
[White "Klein, Matthias"]
[Black "Frank, Thomas"]
[Result "0-1"]
[WhiteElo "1788"]
[BlackElo "1891"]
[PlyCount "64"]
[EventDate "2011.??.??"]
[WhiteTeam "SV Schmalkalden 04"]
[BlackTeam "Schachclub Rochade Leinefelde"]

1. Nf3 Nf6 2. g3 g6 3. b3 Bg7 4. Bb2 O-O 5. Bg2 d6 6. d4 c6 7. O-O Bg4 8. Nbd2
Qd7 9. c4 Na6 10. Re1 Rab8 11. a3 Nc7 12. e4 b5 13. e5 Nfe8 14. Qe2 bxc4 15.
Qxc4 Be6 16. Qc2 Bd5 17. Nc4 Ne6 18. Rac1 N8c7 19. b4 Rfc8 20. Na5 Nd8 21. Qe2
Nce6 22. h4 Nb7 23. Nc4 c5 24. exd6 exd6 25. dxc5 Bxf3 26. Bxf3 Bxb2 27. Qxb2
dxc5 28. Bxb7 Rxb7 29. Qe5 cxb4 30. Red1 Rxc4 31. Rb1 Rd4 32. Rdc1 b3 0-1

[Event "Landesklasse West 2011/2012"]
[Site "?"]
[Date "2011.04.29"]
[Round "9"]
[White "Dittrich, Frank"]
[Black "Krannich, Steffen"]
[Result "1-0"]
[WhiteElo "1784"]
[BlackElo "1748"]
[PlyCount "35"]
[EventDate "2011.??.??"]
[WhiteTeam "Schachclub Rochade Leinefelde"]
[BlackTeam "SV Schmalkalden 04"]

1. e4 d5 2. exd5 Nf6 3. d4 Nxd5 4. c4 Nb6 5. Nf3 g6 6. Be2 Bg7 7. O-O O-O 8.
Nc3 Bg4 9. Be3 Nc6 10. c5 Nd5 11. Qb3 Nxe3 12. fxe3 Bh6 13. Nd1 b6 14. Qa4 Qd5
15. Nc3 Qe6 16. e4 b5 17. Bxb5 Nd8 18. Ne5 1-0

[Event "Landesklasse West 2011/2012"]
[Site "?"]
[Date "2011.04.29"]
[Round "9"]
[White "Müller, Sebastian"]
[Black "Weigend, Joachim"]
[Result "1-0"]
[WhiteElo "1839"]
[BlackElo "1827"]
[PlyCount "93"]
[EventDate "2011.??.??"]
[WhiteTeam "Schachclub Rochade Leinefelde"]
[BlackTeam "SV Schmalkalden 04"]

1. e4 c5 2. Nf3 a6 3. c3 d5 4. exd5 Nf6 5. d4 cxd4 6. Qa4+ Qd7 7. Qxd7+ Bxd7 8.
c4 b5 9. Nxd4 e6 10. dxe6 fxe6 11. cxb5 Bc5 12. Nb3 Bb4+ 13. Bd2 Bxd2+ 14.
N1xd2 axb5 15. Nc5 Na6 16. Nxd7 Nxd7 17. Bxb5 Nb4 18. O-O Ke7 19. Bxd7 Kxd7 20.
a3 Nd5 21. Ne4 Rac8 22. Rfc1 Nf4 23. Kf1 Ke7 24. Nc5 Rhd8 25. g3 Rd5 26. gxf4
Rdxc5 27. Rxc5 Rxc5 28. Kg2 Kf6 29. a4 Ke7 30. a5 Rc7 31. a6 Ra7 32. b4 Kd6 33.
Ra5 g6 34. Kf3 Kc6 35. Re5 Re7 36. Kg4 h6 37. b5+ Kb6 38. h4 Ka7 39. h5 gxh5+
40. Kxh5 Rf7 41. f5 exf5 42. Kg6 Rd7 43. Rxf5 Rd6+ 44. Rf6 Rd5 45. Rf7+ Kb6 46.
Rb7+ Ka5 47. a7 1-0

[Event "Thüringenliga 2011/2012"]
[Site "?"]
[Date "2011.09.18"]
[Round "1"]
[White "Langheinrich, Ferenc"]
[Black "Recknagel, Michael"]
[Result "1-0"]
[WhiteElo "2322"]
[BlackElo "2224"]
[PlyCount "73"]
[EventDate "2011.??.??"]
[WhiteTeam "SC 51 Nordhausen"]
[BlackTeam "SC Suhl"]

1. Nf3 d5 2. c4 c6 3. d4 Nf6 4. Qb3 dxc4 5. Qxc4 Bf5 6. Nc3 e6 7. g3 Na6 8. a3
Ne4 9. Nh4 Nxc3 10. bxc3 Be4 11. f3 b5 12. Qb3 Bd5 13. Qd1 Bc4 14. Ng2 Qa5 15.
Bd2 Bd6 16. Ne3 Bd5 17. c4 Qc7 18. Qc2 bxc4 19. Nxc4 Bxc4 20. Qxc4 Nb8 21. Bg2
Nd7 22. f4 Rc8 23. O-O O-O 24. f5 e5 25. f6 g6 26. e3 Rfe8 27. a4 Nb6 28. Qc1
exd4 29. exd4 Nd5 30. Rb1 Rb8 31. Rxb8 Rxb8 32. Qc4 Rb2 33. Bxd5 Rxd2 34. Re1
c5 35. Qc1 Qa5 36. Re8+ Bf8 37. Qe1 1-0

[Event "Thüringenliga 2011/2012"]
[Site "?"]
[Date "2011.09.18"]
[Round "1"]
[White "Silberschlag, Jörg"]
[Black "Milchev, Nikolay"]
[Result "1/2-1/2"]
[WhiteElo "2092"]
[BlackElo "2358"]
[PlyCount "73"]
[EventDate "2011.??.??"]
[WhiteTeam "SC Suhl"]
[BlackTeam "SC 51 Nordhausen"]

1. e4 Nf6 2. Nc3 e5 3. Nf3 Bb4 4. a3 Bxc3 5. bxc3 Nxe4 6. Qe2 d5 7. d3 Nf6 8.
Qxe5+ Be6 9. Be2 O-O 10. O-O Re8 11. Qg3 Nbd7 12. Bd2 Nf8 13. Rfe1 Ng6 14. Nd4
c5 15. Nxe6 Rxe6 16. Bf3 Qe7 17. Rxe6 fxe6 18. Bg5 Rd8 19. h4 Qd6 20. Qh3 Ne5
21. Bxf6 gxf6 22. d4 cxd4 23. cxd4 Nc6 24. Qg4+ Kh8 25. Re1 e5 26. dxe5 fxe5
27. Rd1 Nd4 28. c3 Nxf3+ 29. Qxf3 b5 30. h5 a6 31. Qf7 d4 32. cxd4 exd4 33. Rd3
Rf8 34. Qa7 Rd8 35. Qf7 Rf8 36. Qa7 Rd8 37. Qf7 1/2-1/2

[Event "Thüringenliga 2011/2012"]
[Site "?"]
[Date "2011.09.18"]
[Round "1"]
[White "Kuntze, Andreas"]
[Black "Berghof, Axel"]
[Result "1/2-1/2"]
[WhiteElo "2025"]
[BlackElo "2036"]
[PlyCount "108"]
[EventDate "2011.??.??"]
[WhiteTeam "SC 51 Nordhausen"]
[BlackTeam "SC Suhl"]

1. e4 e6 2. f4 d5 3. e5 c5 4. Nf3 Nc6 5. c3 Qa5 6. Na3 Nh6 7. Nc2 Be7 8. a3 O-O
9. b4 Qc7 10. d4 b6 11. Bd3 f5 12. O-O c4 13. Be2 Nd8 14. a4 a6 15. h3 Ndf7 16.
Kh1 Qd8 17. Qd2 Kh8 18. Rg1 Rg8 19. Ng5 Nxg5 20. fxg5 Nf7 21. h4 g6 22. Ne1 h6
23. Nf3 hxg5 24. Nxg5 Nxg5 25. hxg5 Kg7 26. g3 Bd7 27. Kg2 Rh8 28. Qf4 Rh7 29.
Rh1 Rxh1 30. Kxh1 Qc7 31. Bd1 Rh8+ 32. Kg1 Qd8 33. Ra2 Qe8 34. a5 bxa5 35. Rxa5
Bb5 36. Ra2 Rh3 37. Rh2 Rxh2 38. Kxh2 Qg8 39. Qh4 Kf7 40. Kg2 Bf8 41. g4 Bg7
42. Bf3 Bc6 43. Qf2 Qd8 44. Qa2 Bb5 45. Kg3 Bf8 46. Bf4 Be7 47. Qh2 Kg8 48.
gxf5 exf5 49. Qh1 Bc6 50. Qc1 Kf7 51. Qh1 Ke6 52. Qh7 Qe8 53. Qh6 Qg8 54. Qh1
Qd8 1/2-1/2

[Event "Thüringenliga 2011/2012"]
[Site "?"]
[Date "2011.09.18"]
[Round "1"]
[White "Feld-Gerdes, Wolfgang"]
[Black "Koksch, Robert"]
[Result "0-1"]
[WhiteElo "2013"]
[BlackElo "1931"]
[PlyCount "110"]
[EventDate "2011.??.??"]
[WhiteTeam "SC Suhl"]
[BlackTeam "SC 51 Nordhausen"]

1. e4 c6 2. d4 d5 3. e5 Bf5 4. Ne2 e6 5. Ng3 Bg6 6. Be3 Qb6 7. b3 c5 8. Nc3
cxd4 9. Bxd4 Qc7 10. Nb5 Qc6 11. a3 a6 12. Nc3 Bc5 13. Ra2 Nd7 14. Be2 Bxd4 15.
Qxd4 Rc8 16. Kd2 Ne7 17. Rc1 Qc7 18. f4 Nc6 19. Qf2 Ncxe5 20. Nd1 Nc6 21. Ke1
O-O 22. Kf1 Na5 23. Raa1 Qb6 24. Ne3 Nf6 25. f5 exf5 26. Ngxf5 Bxf5 27. Nxf5
Qxf2+ 28. Kxf2 Rc7 29. Bd3 g6 30. Nd4 Nc6 31. Nf3 Ne4+ 32. Kg1 Nc5 33. Bf1 Rd8
34. Rd1 Kg7 35. Rd2 Ne4 36. Rd3 Ne7 37. c4 Nc5 38. Rad1 Nxd3 39. Rxd3 d4 40.
Kf2 Nc6 41. b4 Rcd7 42. b5 axb5 43. cxb5 Ne7 44. a4 Nf5 45. g3 Kf6 46. Bh3 Rd5
47. Bg2 Ne3 48. Bh1 b6 49. h3 Nc4 50. g4 Ne5 51. Rd1 Nxf3 52. Bxf3 Rc5 53. Be2
Rc2 54. Kf3 Ra2 55. Bd3 Re8 0-1

[Event "Thüringenliga 2011/2012"]
[Site "?"]
[Date "2011.09.18"]
[Round "1"]
[White "Königsmann, Marcus"]
[Black "Koch, Stefan"]
[Result "1-0"]
[WhiteElo "1887"]
[BlackElo "1924"]
[PlyCount "101"]
[EventDate "2011.??.??"]
[WhiteTeam "SC 51 Nordhausen"]
[BlackTeam "SC Suhl"]

1. e4 d5 2. exd5 Qxd5 3. Nc3 Qd6 4. d4 Nf6 5. Bc4 c6 6. Nge2 Bf5 7. Bf4 Qb4 8.
Bd3 Bxd3 9. Qxd3 e6 10. O-O Nbd7 11. a3 Qb6 12. b4 a6 13. Rfe1 Be7 14. Na4 Qd8
15. c4 O-O 16. Nac3 Nb6 17. Ng3 Re8 18. Ra2 Nc8 19. Nge4 Nd6 20. Rd2 b5 21.
Nxf6+ Bxf6 22. Bxd6 Qxd6 23. Ne4 Qf4 24. g3 Qf5 25. cxb5 axb5 26. Rc1 Ra6 27.
Rc5 Qg6 28. Rdc2 h6 29. Rxc6 Rxc6 30. Nxf6+ Qxf6 31. Rxc6 Rd8 32. Qxb5 Qxd4 33.
Qc4 Qd1+ 34. Kg2 Rd3 35. Rc8+ Kh7 36. a4 Qf3+ 37. Kh3 Qh5+ 38. Kg2 Qf3+ 39. Kh3
Qh5+ 40. Qh4 Qe2 41. Rc1 Rf3 42. Qc4 Rd3 43. a5 Qh5+ 44. Kg2 Qf3+ 45. Kg1 e5
46. Re1 f5 47. b5 e4 48. Qc1 g5 49. b6 f4 50. Qc7+ Kg6 51. Qc6+ 1-0

[Event "Thüringenliga 2011/2012"]
[Site "?"]
[Date "2011.09.18"]
[Round "1"]
[White "Mucha, Felix"]
[Black "Reichardt, Hans-Ulrich"]
[Result "1-0"]
[WhiteElo "1915"]
[BlackElo "1701"]
[PlyCount "71"]
[EventDate "2011.??.??"]
[WhiteTeam "SC Suhl"]
[BlackTeam "SC 51 Nordhausen"]

1. e4 e6 2. d4 d5 3. e5 c5 4. c3 Qb6 5. f4 Bd7 6. Nf3 Nc6 7. a3 h5 8. Be2 Nh6
9. b4 cxd4 10. Nxd4 Nxd4 11. Qxd4 Qxd4 12. cxd4 Nf5 13. Bb2 Be7 14. Nd2 Rc8 15.
Bd3 g6 16. Ke2 Nh6 17. Rac1 O-O 18. Nb3 Kg7 19. Nc5 Bxc5 20. Rxc5 Rxc5 21. dxc5
a6 22. Rc1 Bc6 23. Kd2 Rd8 24. Bd4 Nf5 25. Bf2 Rd7 26. Rb1 Ne7 27. Bc2 Bb5 28.
a4 Bc4 29. Kc3 Nf5 30. b5 axb5 31. axb5 Be2 32. b6 d4+ 33. Kd2 Bc4 34. Be4 Ne7
35. c6 Nxc6 36. Bxc6 1-0

[Event "Thüringenliga 2011/2012"]
[Site "?"]
[Date "2011.09.18"]
[Round "1"]
[White "Schilling, Rolf"]
[Black "Ansorg, Nico"]
[Result "1-0"]
[WhiteElo "1960"]
[BlackElo "1625"]
[PlyCount "103"]
[EventDate "2011.??.??"]
[WhiteTeam "SC 51 Nordhausen"]
[BlackTeam "SC Suhl"]

1. e4 e5 2. Bc4 Nf6 3. d3 Nc6 4. f4 Bb4+ 5. c3 Be7 6. Nf3 d6 7. O-O O-O 8. fxe5
Nxe5 9. Nxe5 dxe5 10. Qf3 Bg4 11. Qg3 Qd6 12. Bg5 Bh5 13. Nd2 Nd7 14. Rf5 Bg6
15. Bxe7 Qxe7 16. Rg5 Kh8 17. Nf3 Rae8 18. Nh4 Nf6 19. Nxg6+ fxg6 20. Rf1 Nh5
21. Rxf8+ Qxf8 22. Qe3 Qf4 23. Qxf4 Nxf4 24. Kf2 h6 25. Rg3 Kh7 26. Rf3 b6 27.
g3 Nh3+ 28. Ke3 Ng5 29. Rf1 c6 30. h4 Ne6 31. d4 exd4+ 32. cxd4 Re7 33. Bxe6
Rxe6 34. Rf7 a5 35. a4 c5 36. d5 Rd6 37. Rc7 Rf6 38. Rc6 Kg8 39. e5 Rf1 40.
Rxg6 Re1+ 41. Kf4 Rd1 42. Rxb6 Rxd5 43. Rd6 Rd4+ 44. Rxd4 cxd4 45. Ke4 Kf7 46.
Kxd4 Ke6 47. g4 g6 48. Ke4 Ke7 49. Kd5 Kd7 50. e6+ Ke7 51. Ke5 Ke8 52. Kf6 1-0